00601nam a2200181Ia 4500008004100000020001400041041001200055082001600067100001600083245005200099260003600151300000800187650001600195700001500211942000700226999001500233952017100248221030s9999 xx 000 0 und d a818574964 aEnglish a105.23bGup aB. R. Gupta 0aDigital Electronicscby B. R. Gupta, V. Singhal bS.K Kataria & SonsaDelhic2006 a533 aBE Computer aV. Singhal cBK c3580d3580 pBE 9080g185.00l0o105.23 Gupr2024-06-13 00:00:00w2022-10-30yBK003Print4070aMIETLIBbMIETLIBcBL-Academic Block C, FL-2, CUP-93, SH-5, R-5d2006-12-0210HBE